00380 2200157 4500001002100000005001500021035002000036245003500056100001500091300002600106260003400132082000800166084001400174020002200188990001200210INLIS00000000000189120250519092755 a0010-05250001831 aAku, Kamu & Kita /cLusiafriaa0 aLusiafriaa a104 hlm ;c13 x 19 cm aDepok :bCoconut Books,c2021 a813 a813 LUS a a978-623-7439-96-7 a0754798